000
00341nam a22001457a 4500
999
_c
8888
_d
8888
003
OSt
008
200713b ||||| |||| 00| 0 eng d
082
_a
615.321PRT
100
_a
Prasad , Mahesh
245
_a
Text Book of Pharmacology-1
250
_a
1st 2019
260
_a
New Delhi
_b
Nirali
650
_a
Pharmacognosy
942
_2
ddc
_c
BK
_0
6